[Event "Novokuznetsk-ch"]
[Site "Novokuznetsk"]
[Date "2012.12.15"]
[Round "8"]
[White "Medvedev, Emelian"]
[Black "Khramtsov, Anatoliy"]
[Result "1/2-1/2"]
[WhiteElo "2271"]
[BlackElo "2289"]
[PlyCount "24"]
[EventDate "2012.11.18"]
[EventType "swiss"]
[EventRounds "9"]
[EventCountry "RUS"]
[SourceTitle "EXT 2014"]
[Source "ChessBase"]
[SourceDate "2013.11.20"]
[SourceVersion "1"]
[SourceVersionDate "2013.11.20"]
[SourceQuality "1"]

1. d4 d5 2. c4 e6 3. Nc3 Nf6 4. cxd5 exd5 5. Bg5 c6 6. e3 Nbd7 7. Bd3 Be7 8. Nge2 0-0 9. Qc2 Re8 10. h3 h6 11. Bf4 b5 12. 0-0-0 Qa5 1/2-1/2

[Event "Novokuznetsk-ch"]
[Site "Novokuznetsk"]
[Date "2012.12.08"]
[Round "6"]
[White "Medvedev, Emelian"]
[Black "Vorobyova, Alyona"]
[Result "1-0"]
[WhiteElo "2271"]
[BlackElo "1992"]
[PlyCount "67"]
[EventDate "2012.11.18"]
[EventType "swiss"]
[EventRounds "9"]
[EventCountry "RUS"]
[SourceTitle "EXT 2014"]
[Source "ChessBase"]
[SourceDate "2013.11.20"]
[SourceVersion "1"]
[SourceVersionDate "2013.11.20"]
[SourceQuality "1"]

1. d4 d5 2. c4 c6 3. Nf3 Nf6 4. e3 Bg4 5. Qb3 Qb6 6. Nc3 e6 7. Bd2 Be7 8. Ne5 Bf5 9. Be2 Nbd7 10. Nxd7 Nxd7 11. 0-0 Nf6 12. Qxb6 axb6 13. f3 h5 14. Rae1 Bg6 15. cxd5 exd5 16. e4 dxe4 17. fxe4 0-0 18. Bf3 Rfd8 19. e5 Nh7 20. d5 Ng5 21. d6 Nxf3+ 22. Rxf3 Rd7 23. Ne4 Bd8 24. a3 Bxe4 25. Rxe4 b5 26. Be3 Ba5 27. b4 Bd8 28. Bd4 Ra6 29. Ref4 Bb6 30. Bxb6 Rxb6 31. Rxf7 Rxf7 32. e6 Rxf3 33. d7 Rd3 34. e7 1-0

[Event "Novokuznetsk-ch"]
[Site "Novokuznetsk"]
[Date "2012.12.01"]
[Round "4"]
[White "Medvedev, Emelian"]
[Black "Guliashvili, Liana"]
[Result "1/2-1/2"]
[WhiteElo "2271"]
[BlackElo "2033"]
[PlyCount "98"]
[EventDate "2012.11.18"]
[EventType "swiss"]
[EventRounds "9"]
[EventCountry "RUS"]
[SourceTitle "EXT 2014"]
[Source "ChessBase"]
[SourceDate "2013.11.20"]
[SourceVersion "1"]
[SourceVersionDate "2013.11.20"]
[SourceQuality "1"]

1. d4 d5 2. c4 e6 3. Nc3 Nf6 4. cxd5 exd5 5. Bg5 Be7 6. e3 h6 7. Bf4 0-0 8. Bd3 b6 9. Nge2 Bb7 10. h3 Nbd7 11. g4 Ne4 12. Bxe4 dxe4 13. Qc2 g5 14. Bh2 Bb4 15. Ng3 c5 16. Rd1 Qf6 17. Nf5 cxd4 18. Rxd4 Nc5 19. 0-0 Bxc3 20. Qxc3 Ne6 21. Rd7 Qxc3 22. bxc3 Ba6 23. Rfd1 h5 24. Be5 Kh7 25. Bd6 Rfe8 26. gxh5 Nd8 27. Bc7 Bc8 28. Re7 Rxe7 29. Nxe7 Ne6 30. Be5 Ba6 31. Rd7 Bb5 32. Rb7 Ba6 33. Rb8 Rxb8 34. Bxb8 Bc4 35. Bxa7 Bxa2 36. Bxb6 Ng7 37. Bd4 Nxh5 38. Nc8 Ng7 39. Nd6 f5 40. c4 Ne6 41. c5 Kg6 42. Ne8 Kf7 43. Nd6+ Kg6 44. Nb5 Bd5 45. Na7 Nd8 46. Nc8 Kf7 47. Nb6 Bc6 48. Nc4 Kg6 49. Nd6 Nf7 1/2-1/2

[Event "Novokuznetsk op"]
[Site "Novokuznetsk"]
[Date "2012.08.08"]
[Round "7"]
[White "Medvedev, Emelian"]
[Black "Gerentsev, Viktor"]
[Result "1-0"]
[WhiteElo "2274"]
[BlackElo "2085"]
[PlyCount "57"]
[EventDate "2012.08.02"]
[EventType "swiss"]
[EventRounds "9"]
[EventCountry "RUS"]
[SourceTitle "EXT 2013"]
[Source "ChessBase"]
[SourceDate "2012.11.22"]
[SourceVersion "1"]
[SourceVersionDate "2012.11.22"]
[SourceQuality "1"]

1. d4 d5 2. Nf3 c6 3. c4 Nf6 4. e3 Bg4 5. Qb3 Qb6 6. Nc3 e6 7. Nh4 Be7 8. h3 Bh5 9. g4 Qxb3 10. axb3 Bg6 11. Nxg6 hxg6 12. Bg2 Na6 13. 0-0 0-0 14. g5 Nd7 15. e4 dxe4 16. Bxe4 Nb4 17. Be3 Rfd8 18. Rfd1 e5 19. dxe5 Nxe5 20. Rxd8+ Bxd8 21. Rd1 f5 22. gxf6 Bxf6 23. f4 Nf7 24. Bxg6 Nd8 25. Rd7 Na6 26. Ne4 Bxb2 27. Re7 Ba3 28. Re8+ Bf8 29. Ng5 1-0

[Event "Novokuznetsk op"]
[Site "Novokuznetsk"]
[Date "2012.08.07"]
[Round "6"]
[White "Sergeev, Albert"]
[Black "Medvedev, Emelian"]
[Result "1/2-1/2"]
[WhiteElo "2337"]
[BlackElo "2274"]
[PlyCount "62"]
[EventDate "2012.08.02"]
[EventType "swiss"]
[EventRounds "9"]
[EventCountry "RUS"]
[SourceTitle "EXT 2013"]
[Source "ChessBase"]
[SourceDate "2012.11.22"]
[SourceVersion "1"]
[SourceVersionDate "2012.11.22"]
[SourceQuality "1"]

1. e4 e6 2. d4 d5 3. Nc3 Nf6 4. Bg5 dxe4 5. Nxe4 Be7 6. Bxf6 gxf6 7. Nf3 f5 8. Ng3 c5 9. Bb5+ Bd7 10. Bxd7+ Qxd7 11. d5 exd5 12. Qd3 Nc6 13. Qxf5 Qxf5 14. Nxf5 Bf6 15. 0-0-0 0-0-0 16. Rhe1 Rd7 17. g4 Rg8 18. Rg1 a5 19. a4 Kc7 20. h4 Rb8 21. g5 Bh8 22. Ne3 d4 23. Nc4 b5 24. axb5 Rxb5 25. Rge1 Rb4 26. Nfe5 Nxe5 27. Nxe5 Bxe5 28. Rxe5 Kd6 29. Re2 Kc6 30. Rd3 Rdb7 31. c3 dxc3 1/2-1/2

[Event "Novokuznetsk-ch HL"]
[Site "Novokuznetsk"]
[Date "2012.05.02"]
[Round "3"]
[White "Karpov, Arkadiy"]
[Black "Medvedev, Emelian"]
[Result "0-1"]
[WhiteElo "2023"]
[BlackElo "2224"]
[PlyCount "84"]
[EventDate "2012.04.30"]
[EventType "swiss"]
[EventRounds "8"]
[EventCountry "RUS"]
[SourceTitle "EXT 2013"]
[Source "ChessBase"]
[SourceDate "2012.11.22"]
[SourceVersion "1"]
[SourceVersionDate "2012.11.22"]
[SourceQuality "1"]

1. Nf3 d5 2. g3 Nf6 3. Bg2 c6 4. b3 Bf5 5. Bb2 Nbd7 6. 0-0 e6 7. c4 Bd6 8. d4 Qe7 9. a3 h5 10. cxd5 exd5 11. Nh4 Bh7 12. Qd2 Ne4 13. Bxe4 Bxe4 14. f3 Bh7 15. Nc3 g5 16. Ng2 h4 17. g4 h3 18. Ne1 Bf4 19. Qd1 Qd6 20. e4 Bxh2+ 21. Kh1 Bf4 22. exd5 cxd5 23. Nd3 Bxd3 24. Qxd3 0-0 25. Qf5 Nf6 26. Ne2 Qe6 27. Qxe6 fxe6 28. Nxf4 gxf4 29. Kh2 Nh7 30. Kxh3 Kg7 31. Rac1 Rf7 32. Rc2 Ng5+ 33. Kg2 Rh8 34. Rh1 Rxh1 35. Kxh1 Nxf3 36. Re2 Ng5 37. Re5 Ne4 38. Bc1 f3 39. Be3 f2 40. Bxf2 Nxf2+ 41. Kg2 Nxg4 42. Rxe6 Nf6 0-1

[Event "Novokuznetsk-ch HL"]
[Site "Novokuznetsk"]
[Date "2012.05.01"]
[Round "2"]
[White "Medvedev, Emelian"]
[Black "Sergeev, Albert"]
[Result "1/2-1/2"]
[WhiteElo "2224"]
[BlackElo "2318"]
[PlyCount "55"]
[EventDate "2012.04.30"]
[EventType "swiss"]
[EventRounds "8"]
[EventCountry "RUS"]
[SourceTitle "EXT 2013"]
[Source "ChessBase"]
[SourceDate "2012.11.22"]
[SourceVersion "1"]
[SourceVersionDate "2012.11.22"]
[SourceQuality "1"]

1. d4 d5 2. c4 c6 3. Nf3 Nf6 4. e3 Bg4 5. Qb3 Qb6 6. Nc3 e6 7. Ne5 Bf5 8. Qxb6 axb6 9. Bd2 Nbd7 10. Nxd7 Kxd7 11. f3 h5 12. Be2 Bg6 13. 0-0 Bd6 14. e4 dxe4 15. fxe4 e5 16. Be3 exd4 17. Bxd4 Bc5 18. Bxc5 bxc5 19. e5 Ng4 20. Bxg4+ hxg4 21. Rad1+ Kc7 22. Rf4 Rae8 23. Re1 Re6 24. Rxg4 Rh5 25. Rg3 Rhxe5 26. Rxe5 Rxe5 27. Kf2 Re7 28. Re3 1/2-1/2

[Event "Sibiria Region-ch"]
[Site "Prokopevsk"]
[Date "2012.03.18"]
[Round "7"]
[White "Medvedev, Emelian"]
[Black "Piskunov, Alexandr"]
[Result "0-1"]
[WhiteElo "2224"]
[BlackElo "2318"]
[PlyCount "118"]
[EventDate "2012.03.12"]
[EventType "swiss"]
[EventRounds "9"]
[EventCountry "RUS"]
[SourceTitle "EXT 2013"]
[Source "ChessBase"]
[SourceDate "2012.11.22"]
[SourceVersion "1"]
[SourceVersionDate "2012.11.22"]
[SourceQuality "1"]

1. d4 d5 2. c4 c6 3. Nf3 Nf6 4. e3 Bf5 5. Nc3 e6 6. Nh4 Be4 7. f3 Bg6 8. Bd2 Be7 9. Qb3 Qc7 10. Nxg6 hxg6 11. 0-0-0 Nbd7 12. Be1 dxc4 13. Bxc4 b5 14. Bxe6 fxe6 15. Bg3 Qc8 16. Qxe6 Nf8 17. Qb3 b4 18. Ne4 Nxe4 19. fxe4 Qe6 20. Qc2 Rh5 21. e5 Nd7 22. e4 Nb6 23. Kb1 Rd8 24. Rhf1 Rh8 25. Rd3 Qc4 26. Qxc4 Nxc4 27. Rc1 Na5 28. d5 c5 29. d6 Nb7 30. Rf3 Bh4 31. Bf4 g5 32. Be3 g4 33. Rff1 g3 34. h3 Rh5 35. Rf5 g6 36. Rxh5 gxh5 37. Rf1 Rd7 38. Bf4 Nd8 39. Be3 Rf7 40. Rf5 Rxf5 41. exf5 Nc6 42. e6 Nd4 43. Bxd4 cxd4 44. Kc2 Bf6 45. Kd3 Be5 46. Ke4 Bxd6 47. Kxd4 Ke7 48. Kd5 Bf4 49. Kc6 Bg5 50. b3 Kf6 51. Kb5 Kxf5 52. Kxb4 Kxe6 53. Kc4 Ke5 54. Kd3 Be7 55. Ke3 Kd5 56. Kf4 h4 57. Ke3 Kc5 58. a3 Kb5 59. b4 Ka4 0-1

[Event "Sibiria Region-ch"]
[Site "Prokopevsk"]
[Date "2012.03.15"]
[Round "4"]
[White "Medvedev, Emelian"]
[Black "Loskutov, Oleg"]
[Result "1-0"]
[WhiteElo "2224"]
[BlackElo "2439"]
[PlyCount "47"]
[EventDate "2012.03.12"]
[EventType "swiss"]
[EventRounds "9"]
[EventCountry "RUS"]
[SourceTitle "EXT 2013"]
[Source "ChessBase"]
[SourceDate "2012.11.22"]
[SourceVersion "1"]
[SourceVersionDate "2012.11.22"]
[SourceQuality "1"]

1. d4 Nf6 2. c4 g6 3. Nc3 Bg7 4. e4 d6 5. f3 0-0 6. Be3 e5 7. Nge2 c6 8. Qd2 Nbd7 9. 0-0-0 a6 10. Kb1 b5 11. c5 Qa5 12. Qc2 dxc5 13. dxc5 Re8 14. g4 Bf8 15. Nc1 Qc7 16. Nd3 a5 17. h4 Rb8 18. h5 Ba6 19. hxg6 fxg6 20. Qb3+ Kh8 21. Qf7 Be7 22. Bh6 Bf8 23. Bg5 Be7 24. Nf4 1-0

[Event "Kuzbass-ch op"]
[Site "Kemerovo"]
[Date "2011.10.15"]
[Round "2"]
[White "Siuniakov, Igor"]
[Black "Medvedev, Emelian"]
[Result "1-0"]
[WhiteElo "2321"]
[BlackElo "2186"]
[PlyCount "123"]
[EventDate "2011.10.14"]
[EventType "swiss"]
[EventRounds "9"]
[EventCountry "RUS"]
[SourceTitle "EXT 2012"]
[Source "ChessBase"]
[SourceDate "2011.11.24"]
[SourceVersion "1"]
[SourceVersionDate "2011.11.24"]
[SourceQuality "1"]

1. e4 e6 2. d3 d5 3. Nd2 c5 4. Ngf3 Nc6 5. g3 g6 6. Bg2 Bg7 7. 0-0 Nge7 8. Re1 0-0 9. e5 Qc7 10. Qe2 b6 11. c3 a5 12. Nf1 h6 13. h4 Ba6 14. N1h2 Nf5 15. Ng4 Kh8 16. Bf4 Qe7 17. Qd2 Kh7 18. Kh2 Nb8 19. Nf6+ Bxf6 20. exf6 Qxf6 21. Ne5 Qg7 22. c4 Bb7 23. Nf3 Nd7 24. g4 Ne7 25. Bd6 Rfe8 26. Ne5 Nxe5 27. Bxe5 f6 28. Bd6 e5 29. f4 Nc8 30. fxe5 fxe5 31. Bxe5 Rxe5 32. Qf4 Re7 33. cxd5 Rf7 34. Qg3 Ne7 35. d6 Nc6 36. Re6 Qxb2 37. h5 Rg8 38. Rae1 Nd4 39. Re7 Rgg7 40. hxg6+ Kxg6 41. d7 Nf3+ 42. Kh3 Ng5+ 43. Kh4 Qf6 44. d8Q Ne6+ 45. Kh3 Nxd8 46. Rxb7 Rxb7 47. Rf1 Qxf1 48. Bxf1 Nf7 49. d4 Ng5+ 50. Kh4 cxd4 51. Bd3+ Kf7 52. Qd6 Kg8 53. Qd8+ Kf7 54. Bc4+ Ne6 55. Qd5 Re7 56. Qf5+ Ke8 57. Bxe6 Rg5 58. Qf6 Rgg7 59. Qe5 Kf8 60. Qb8+ Re8 61. Qd6+ Ree7 62. Qd8+ 1-0

[Event "Novokuznetsk op"]
[Site "Novokuznetsk"]
[Date "2011.08.12"]
[Round "2"]
[White "Medvedev, Emelian"]
[Black "Konyshev, Artem"]
[Result "1/2-1/2"]
[WhiteElo "2150"]
[BlackElo "2379"]
[PlyCount "54"]
[EventDate "2011.08.11"]
[EventType "swiss"]
[EventRounds "9"]
[EventCountry "RUS"]
[SourceTitle "CBM 144 Extra"]
[Source "ChessBase"]
[SourceDate "2011.10.28"]
[SourceVersion "1"]
[SourceVersionDate "2011.10.28"]
[SourceQuality "1"]

1. d4 b5 2. e3 Bb7 3. Nf3 a6 4. a4 b4 5. a5 e6 6. c4 bxc3 7. bxc3 c5 8. Nbd2 cxd4 9. exd4 d6 10. Nc4 Nd7 11. Rb1 Be4 12. Bd3 Ngf6 13. 0-0 Be7 14. Re1 Bxd3 15. Qxd3 Nd5 16. Ne3 Nxe3 17. Bxe3 Qxa5 18. Rb7 Qd8 19. d5 e5 20. Qf5 Qc8 21. Reb1 Nf6 22. Qg5 Kf8 23. Nxe5 h6 24. Qf4 dxe5 25. Qxe5 Nd7 26. Qf5 Nf6 27. Qe5 Nd7 1/2-1/2

[Event "Novokuznetsk School op"]
[Site "Novokuznetsk"]
[Date "2011.06.15"]
[Round "8"]
[White "Kuzmichev, Alexander"]
[Black "Medvedev, Emelian"]
[Result "0-1"]
[WhiteElo "2031"]
[BlackElo "2150"]
[PlyCount "58"]
[EventDate "2011.06.15"]
[EventType "swiss"]
[EventRounds "9"]
[EventCountry "RUS"]
[SourceTitle "EXT 2022"]
[Source "ChessBase"]
[SourceDate "2021.10.06"]
[SourceVersion "1"]
[SourceVersionDate "2021.10.06"]
[SourceQuality "1"]

1. e4 c5 2. c3 e6 3. d4 d5 4. exd5 exd5 5. Nf3 Nc6 6. Be3 cxd4 7. Nxd4 Bd6 8. Nd2 Nf6 9. h3 0-0 10. Bd3 Nxd4 11. cxd4 Re8 12. 0-0 Ne4 13. Nf3 Re6 14. Bxe4 Rxe4 15. Ng5 Re7 16. Qh5 Bf5 17. Rfe1 Bg6 18. Qd1 Rxe3 19. Rxe3 Qxg5 20. Qa4 Be4 21. g3 Qf5 22. g4 Qf4 23. Rae1 f5 24. Qd7 Rf8 25. Qe6+ Kh8 26. f3 Qg3+ 27. Kf1 Qxh3+ 28. Ke2 Qg2+ 29. Kd1 Qc2# 0-1

[Event "Novokuznetsk-ch"]
[Site "Novokuznetsk"]
[Date "2011.??.??"]
[Round "4"]
[White "Chernov, Mikhail"]
[Black "Medvedev, Emelian"]
[Result "1/2-1/2"]
[WhiteElo "2141"]
[BlackElo "2150"]
[PlyCount "68"]
[EventDate "2011.11.19"]
[EventType "swiss"]
[EventRounds "9"]
[EventCountry "RUS"]
[SourceTitle "EXT 2013"]
[Source "ChessBase"]
[SourceDate "2012.11.22"]
[SourceVersion "1"]
[SourceVersionDate "2012.11.22"]
[SourceQuality "1"]

1. e4 e6 2. d4 d5 3. Nc3 Nf6 4. Bg5 dxe4 5. Nxe4 Be7 6. Bxf6 gxf6 7. Nf3 f5 8. Nc3 a6 9. g3 b5 10. Bg2 Bb7 11. 0-0 Bf6 12. Qd2 0-0 13. a4 b4 14. Ne2 c5 15. Nf4 Ra7 16. dxc5 Qxd2 17. Nxd2 Bxg2 18. Kxg2 Bxb2 19. Rad1 Rc7 20. Nb3 Nd7 21. Rd6 Be5 22. Rxa6 Bxf4 23. gxf4 Nxc5 24. Nxc5 Rxc5 25. Rb6 Rxc2 26. Rxb4 Ra2 27. Rfb1 Ra8 28. Rb8+ Rxb8 29. Rxb8+ Kg7 30. Rb4 Kg6 31. Rc4 h6 32. h3 Ra3 33. Rb4 h5 34. Rc4 Kf6 1/2-1/2

[Event "Novokuznetsk-ch"]
[Site "Novokuznetsk"]
[Date "2011.??.??"]
[Round "7"]
[White "Temnikov, Anatoly"]
[Black "Medvedev, Emelian"]
[Result "0-1"]
[WhiteElo "2201"]
[BlackElo "2150"]
[PlyCount "106"]
[EventDate "2011.11.19"]
[EventType "swiss"]
[EventRounds "9"]
[EventCountry "RUS"]
[SourceTitle "EXT 2013"]
[Source "ChessBase"]
[SourceDate "2012.11.22"]
[SourceVersion "1"]
[SourceVersionDate "2012.11.22"]
[SourceQuality "1"]

1. d4 Nf6 2. e3 d6 3. f4 g6 4. Nf3 Bg7 5. Be2 0-0 6. 0-0 Nbd7 7. c4 e5 8. Nc3 exd4 9. exd4 Re8 10. f5 Nf8 11. fxg6 fxg6 12. Bd3 c6 13. Qc2 Ne6 14. Kh1 Nh5 15. Ne2 Rf8 16. g3 Qe8 17. Bd2 Nc7 18. Ng5 Bg4 19. Rxf8+ Qxf8 20. Nf4 Nxf4 21. Rf1 Qe7 22. Bxf4 Ne6 23. Nxe6 Qxe6 24. Qf2 Rf8 25. Qe3 Qf6 26. Kg2 Qxd4 27. Qxd4 Bxd4 28. Bxd6 Rxf1 29. Bxf1 Bxb2 30. Bd3 Kf7 31. h3 Be6 32. g4 a6 33. Kf3 b5 34. cxb5 axb5 35. a3 Bd5+ 36. Ke3 Ke6 37. Bf8 Bf6 38. Bc2 Kf7 39. Bd6 Bg2 40. Be4 Bxe4 41. Kxe4 Be7 42. Ke5 Bf6+ 43. Ke4 Ke6 44. Bc5 Be7 45. Kd4 Bxc5+ 46. Kxc5 Kd7 47. g5 Kc7 48. Kd4 Kd6 49. Ke4 c5 50. Kf4 Kd5 51. Ke3 c4 52. Kd2 Ke5 53. Kc3 Kf5 0-1

[Event "Novokuznetsk-ch op"]
[Site "Novokuznetsk"]
[Date "2010.12.11"]
[Round "8"]
[White "Epifantsev, Igor"]
[Black "Medvedev, Emelian"]
[Result "1-0"]
[WhiteElo "2253"]
[BlackElo "2090"]
[PlyCount "69"]
[EventDate "2010.11.14"]
[EventType "swiss"]
[EventRounds "9"]
[EventCountry "RUS"]
[SourceTitle "EXT 2022"]
[Source "ChessBase"]
[SourceDate "2021.10.06"]
[SourceVersion "1"]
[SourceVersionDate "2021.10.06"]
[SourceQuality "1"]

1. d4 d5 2. c4 c6 3. Nc3 Nf6 4. Bg5 Ne4 5. Nxe4 dxe4 6. Qd2 Na6 7. a3 g6 8. e3 Bg7 9. Ne2 h6 10. Bf4 0-0 11. Nc3 f5 12. h4 Be6 13. 0-0-0 Bf7 14. f3 exf3 15. gxf3 Qa5 16. e4 Rfd8 17. e5 Nc5 18. Qe3 Ne6 19. Bxh6 Rxd4 20. Rxd4 Bxh6 21. Qxh6 Nxd4 22. f4 Rd8 23. h5 Nb3+ 24. Kb1 Rd1+ 25. Nxd1 Qd2 26. Be2 Qxe2 27. Nc3 Qd3+ 28. Ka2 Nd2 29. e6 Qxc4+ 30. Ka1 Bxe6 31. Qxg6+ Kf8 32. Qh6+ Kf7 33. Qh7+ Kf8 34. Rd1 Nb3+ 35. Kb1 1-0

[Event "Novokuznetsk-ch op"]
[Site "Novokuznetsk"]
[Date "2010.11.27"]
[Round "4"]
[White "Polyanskiy, Vladimir"]
[Black "Medvedev, Emelian"]
[Result "0-1"]
[WhiteElo "2206"]
[BlackElo "2090"]
[PlyCount "84"]
[EventDate "2010.11.14"]
[EventType "swiss"]
[EventRounds "9"]
[EventCountry "RUS"]
[SourceTitle "EXT 2022"]
[Source "ChessBase"]
[SourceDate "2021.10.06"]
[SourceVersion "1"]
[SourceVersionDate "2021.10.06"]
[SourceQuality "1"]

1. d4 d5 2. Nc3 Nf6 3. Bg5 Bf5 4. f3 Bg6 5. Qd2 Nbd7 6. 0-0-0 c6 7. g4 h5 8. gxh5 Rxh5 9. h4 Nh7 10. Bg2 Nxg5 11. hxg5 Rxh1 12. Bxh1 e5 13. f4 e4 14. e3 Nb6 15. Nb1 Nc4 16. Qf2 Qa5 17. a3 Bh5 18. Re1 b5 19. c3 Qa4 20. Qc2 Rb8 21. Bg2 Bd6 22. Nh3 Kd7 23. Bf1 Qxc2+ 24. Kxc2 Rh8 25. b3 Nb6 26. Bg2 Bg4 27. Rh1 Be2 28. Nf2 Rxh1 29. Bxh1 a5 30. Bg2 a4 31. Bh3+ Ke7 32. b4 Nc4 33. f5 Bg3 34. Nd1 Bd3+ 35. Kc1 Nxe3 36. f6+ gxf6 37. gxf6+ Kxf6 38. Nxe3 Bf4 39. Kd2 Bxb1 40. Bd7 Bd3 41. Bxc6 Bc4 42. Bd7 Kg5 0-1